000 00427nam a2200145Ia 4500
008 210716s2001 xx 000 0 und d
020 _a0130289760
041 _aeng
082 _a658.4012 GHEP
100 _aGhemawat, Pankaj; Collis, David J; Pisano, Gary P; Rivkin, Jan W.
245 _aStrategy and the business landscape: core concepts.
_bCore concepts.
250 _a1
260 _aNew Jersey
_c2001
300 _axi,143
999 _c198933
_d198933